| 000 | 01429nam a2200361 i 4500 | ||
|---|---|---|---|
| 001 | ELB265046 | ||
| 003 | FINmELB | ||
| 005 | 20250326043029.0 | ||
| 006 | m o d | | ||
| 007 | cr cnu|||||||| | ||
| 008 | 240517s2016 ec b 000 0 spa d | ||
| 020 | _z978-9942-06-355-7 | ||
| 035 | _a(OCoLC)1435563271 | ||
| 040 |
_aFINmELB _bspa _erda _cFINmELB |
||
| 043 | _as-ec--- | ||
| 050 | 0 | 0 |
_aKHK2698 _b.A535 2016 |
| 080 | _a347.998.8 | ||
| 082 | 0 | 4 |
_a342.8660853 _223 |
| 100 | 1 |
_aAndino González, Stalin Santiago, _eautor. |
|
| 245 | 1 | 0 |
_aMedidas cautelares constitucionales en el Ecuador : _bprocedimientos e impugnación / _cStalin Santiago Andino González. |
| 264 | 1 |
_aQuito, Ecuador : _bCorporación de Estudios y Publicaciones (CEP), _c2016. |
|
| 300 | _a1 recurso en línea | ||
| 336 |
_atexto _btxt _2rdacontent/spa |
||
| 337 |
_acomputadora _bc _2rdamedia/spa |
||
| 338 |
_arecurso en línea _bcr _2rdacarrier/spa |
||
| 504 | _aIncluye referencias bibliográficas. | ||
| 588 | _aDescripción basada en metadatos suministrados por el editor y otras fuentes. | ||
| 590 | _aRecurso electrónico. Santa Fe, Arg.: elibro, 2024. Disponible vía World Wide Web. El acceso puede estar limitado para las bibliotecas afiliadas a elibro. | ||
| 650 | 4 |
_aRecursos extraordinarios _zEcuador. |
|
| 655 | 4 | _aLibros electrónicos. | |
| 797 | 2 | _aelibro, Corp. | |
| 856 | 4 | 0 | _uhttps://elibro.net/ereader/usam/265046 |
| 999 |
_c139256 _d139256 |
||